01106cam a2200241 a 450000500170000000800410001704000230005804100080008104400070008908200210009611000500011724502690016726000400043630000610047650400280053765000520056565000480061765000460066565000630071170000290077470000330080371000280083620160318093834.0030712s2003 ck a r 00010 spa d ala cladCO-BoIAVH0 aspa ack04a307.1412 bO74d 1 aOrganización Zonal Indígena del Putumayo.10aDesarrollo indígena y sustitución de cultivos ilícitos de coca :bexperiencia del Programa Raiz por Raiz en Mocoa, Villa Garzón y Puerto Guzmán departamento del Putumayo / ctextos Laura García ... [et al.] ; coordinación editorial Carlos A. Salazar. aBogotá : bCECOIN-CORFAS, c2003. a71 páginas : bilustraciones ; c25 x 19 centímetros aIncluye bibliografía. 4aIndígenas de Colombiax Condiciones sociales. 6aEconomía indígenaz Putumayo (Colombia) 4aCultivos ilícitosz Putumayo (Colombia) 4aSustitución de cultivos ilícitosz Putumayo (Colombia)1 aGarcía, Laura.etextos1 aSalazar, Carlos A., eeditor2 aPrograma Raiz por Raiz.